|
|
|
|
| LEADER |
01936nam a22004215i 4500 |
| 001 |
978-0-387-09794-7 |
| 003 |
DE-He213 |
| 005 |
20150519185317.0 |
| 007 |
cr nn 008mamaa |
| 008 |
100301s2009 xxu| s |||| 0|eng d |
| 020 |
|
|
|a 9780387097947
|9 978-0-387-09794-7
|
| 024 |
7 |
|
|a 10.1007/978-0-387-09794-7
|2 doi
|
| 040 |
|
|
|d GrThAP
|
| 050 |
|
4 |
|a R-RZ
|
| 072 |
|
7 |
|a MBGR
|2 bicssc
|
| 072 |
|
7 |
|a MED000000
|2 bisacsh
|
| 082 |
0 |
4 |
|a 610
|2 23
|
| 245 |
1 |
0 |
|a Cellular Oscillatory Mechanisms
|h [electronic resource] /
|c edited by Miguel Maroto, Nicholas A. M. Monk.
|
| 264 |
|
1 |
|a New York, NY :
|b Springer New York,
|c 2009.
|
| 300 |
|
|
|b online resource.
|
| 336 |
|
|
|a text
|b txt
|2 rdacontent
|
| 337 |
|
|
|a computer
|b c
|2 rdamedia
|
| 338 |
|
|
|a online resource
|b cr
|2 rdacarrier
|
| 347 |
|
|
|a text file
|b PDF
|2 rda
|
| 490 |
1 |
|
|a Advances in Experimental Medicine and Biology,
|x 0065-2598 ;
|v 641
|
| 505 |
0 |
|
|a Calcium Oscillations -- Oscillations by the p53-Mdm2 Feedback Loop -- cAMP Oscillations during Aggregation of Dictyostelium -- Min Oscillation in Bacteria -- Development on Time -- Oscillatory Expression of Hes Family Transcription Factors: Insights from Mathematical Modelling -- Reverse Engineering Models of Cell Cycle Regulation -- Mitochondrial Oscillations in Physiology and Pathophysiology -- Respiratory Oscillations in Yeasts -- Stochastic Phase Oscillator Models for Circadian Clocks.
|
| 650 |
|
0 |
|a Medicine.
|
| 650 |
1 |
4 |
|a Biomedicine.
|
| 650 |
2 |
4 |
|a Biomedicine general.
|
| 700 |
1 |
|
|a Maroto, Miguel.
|e editor.
|
| 700 |
1 |
|
|a Monk, Nicholas A. M.
|e editor.
|
| 710 |
2 |
|
|a SpringerLink (Online service)
|
| 773 |
0 |
|
|t Springer eBooks
|
| 776 |
0 |
8 |
|i Printed edition:
|z 9780387097930
|
| 830 |
|
0 |
|a Advances in Experimental Medicine and Biology,
|x 0065-2598 ;
|v 641
|
| 856 |
4 |
0 |
|u http://dx.doi.org/10.1007/978-0-387-09794-7
|z Full Text via HEAL-Link
|
| 912 |
|
|
|a ZDB-2-SBL
|
| 950 |
|
|
|a Biomedical and Life Sciences (Springer-11642)
|